[Event "Sudeste/Centro-Oeste-ch U1800"]
[Site "Barbacena"]
[Date "2019.10.26"]
[Round "4"]
[White "De Carvalho Machado, Fernando"]
[Black "Barbosa, Luiz Francisco da S"]
[Result "1-0"]
[WhiteElo "1775"]
[BlackElo "1748"]
[PlyCount "115"]
[EventDate "2019.10.25"]
[EventType "swiss"]
[EventRounds "6"]
[EventCountry "BRA"]
[SourceTitle "CBM 193 Extra"]
[Source "ChessBase"]
[SourceDate "2020.01.31"]
[SourceVersion "1"]
[SourceVersionDate "2020.01.31"]
[SourceQuality "1"]

1. d4 Nf6 2. c4 e6 3. Nc3 Bb4 4. Qc2 0-0 5. Nf3 c5 6. dxc5 Bxc5 7. e3 b6 8. Be2 Bb7 9. 0-0 Qe7 10. a3 a5 11. Bd2 d5 12. cxd5 Nxd5 13. Nxd5 Bxd5 14. Bc3 Nd7 15. Bd3 h6 16. Be4 Bxe4 17. Qxe4 Nf6 18. Qh4 Nd5 19. Qxe7 Nxe7 20. e4 Nc6 21. Rfd1 Rfd8 22. Kf1 f6 23. Ke2 Kf7 24. Rac1 Ke7 25. h3 g6 26. a4 Rxd1 27. Rxd1 Rd8 28. Rxd8 Nxd8 29. Ne1 Nb7 30. Nd3 e5 31. b3 Bd6 32. Bd2 h5 33. Be3 Bc7 34. f3 Kd6 35. Kd2 Kc6 36. Kc3 Bd6 37. g4 Nc5 38. Nxc5 Bxc5 39. Bc1 b5 40. Kd3 Bd4 41. gxh5 gxh5 42. Bd2 b4 43. Bh6 Bc5 44. Kc4 Bd6 45. Bg7 Be7 46. Bh6 Bd6 47. Be3 Be7 48. Bf2 Bd6 49. Bg3 Bc7 50. Bf2 Bd6 51. Be3 Be7 52. f4 Bd6 53. fxe5 fxe5 54. Bg5 Bc7 55. Bf6 Kd6 56. Kb5 Ke6 57. Bg5 Kd6 58. Be3 1-0

[Event "BRA-ch Amateur U1800"]
[Site "Sao Paulo"]
[Date "2019.06.23"]
[Round "7"]
[White "Andreata, Mauro Antonio"]
[Black "Barbosa, Luiz Francisco da S"]
[Result "1/2-1/2"]
[WhiteElo "1624"]
[BlackElo "1762"]
[PlyCount "85"]
[EventDate "2019.06.20"]
[EventType "swiss"]
[EventRounds "7"]
[EventCountry "BRA"]
[SourceTitle "CBM 195 Extra"]
[Source "ChessBase"]
[SourceDate "2020.05.31"]
[SourceVersion "1"]
[SourceVersionDate "2020.05.31"]
[SourceQuality "1"]

1. d4 Nf6 2. c4 e6 3. Nf3 Bb4+ 4. Bd2 c5 5. Nc3 0-0 6. e3 d5 7. Bd3 Nc6 8. a3 Bxc3 9. Bxc3 dxc4 10. Bxc4 Ne4 11. 0-0 Nxc3 12. bxc3 Qa5 13. Qc2 Bd7 14. Rfb1 Qc7 15. Bd3 h6 16. h4 b6 17. Qe2 Na5 18. Ne5 Nc6 19. Nf3 Rfd8 20. Rd1 Be8 21. Bb1 Qe7 22. e4 e5 23. d5 Na5 24. Ba2 b5 25. g3 c4 26. h5 Nb7 27. Kg2 Nd6 28. Bb1 Bd7 29. Nh4 Qg5 30. f3 Qxh5 31. Rh1 Qg5 32. Bc2 a5 33. Qf2 f5 34. Rae1 f4 35. g4 Rab8 36. Nf5 Nxf5 37. exf5 Qf6 38. Be4 b4 39. axb4 axb4 40. cxb4 Rxb4 41. Re2 Rdb8 42. Rhe1 c3 43. Bc2 1/2-1/2

[Event "Rio de Janeiro Estadual-ch"]
[Site "Rio de Janeiro"]
[Date "2018.09.29"]
[Round "6"]
[White "Morais, Wagner Soares"]
[Black "Barbosa, Luiz Francisco da S"]
[Result "1/2-1/2"]
[WhiteElo "1839"]
[BlackElo "1793"]
[PlyCount "105"]
[EventDate "2018.09.22"]
[EventType "swiss"]
[EventRounds "6"]
[EventCountry "BRA"]
[SourceTitle "EXT 2020"]
[Source "ChessBase"]
[SourceDate "2019.10.17"]
[SourceVersion "1"]
[SourceVersionDate "2019.10.17"]
[SourceQuality "1"]

1. e4 c5 2. Nf3 g6 3. d4 cxd4 4. Nxd4 Nc6 5. c4 Bg7 6. Be3 Nf6 7. Nc3 Ng4 8. Qxg4 Nxd4 9. Qd1 Ne6 10. Be2 0-0 11. 0-0 b6 12. Qd2 Bb7 13. f3 Rc8 14. Rac1 Nc5 15. Rfd1 d6 16. Bf1 a5 17. Qf2 f5 18. exf5 gxf5 19. Bg5 Qe8 20. Qh4 Bf6 21. Nd5 Bxd5 22. Rxd5 Qg6 23. f4 Bxg5 24. fxg5 Ne4 25. Rd3 f4 26. Rb3 Nxg5 27. Kh1 f3 28. Bd3 fxg2+ 29. Kxg2 Ne4+ 30. Qg3 Qxg3+ 31. hxg3 Nc5 32. Ra3 Nxd3 33. Rxd3 Rf6 34. Rd5 Rc5 35. Rd4 Rcf5 36. Rc2 e5 37. Rd5 e4 38. Rxf5 Rxf5 39. Re2 Re5 40. Kh3 Kf7 41. Kg4 Kg6 42. Kf4 Rf5+ 43. Kxe4 Re5+ 44. Kf3 Rxe2 45. Kxe2 h5 46. Kf2 Kg5 47. Ke3 Kg4 48. Kf2 a4 49. b4 axb3 50. axb3 Kf5 51. Kf3 Ke5 52. Ke3 Kf5 53. Kf3 1/2-1/2

[Event "Rio de Janeiro Andrade Memorial 2nd"]
[Site "Rio de Janeiro"]
[Date "2018.09.07"]
[Round "2"]
[White "Manzi, Luiz Antonio Bardao"]
[Black "Barbosa, Luiz Francisco da S"]
[Result "1-0"]
[WhiteElo "2049"]
[BlackElo "1793"]
[PlyCount "91"]
[EventDate "2018.09.07"]
[EventType "swiss"]
[EventRounds "6"]
[EventCountry "BRA"]
[SourceTitle "CBM 186 Extra"]
[Source "ChessBase"]
[SourceDate "2018.08.24"]
[SourceVersion "1"]
[SourceVersionDate "2018.08.24"]
[SourceQuality "1"]

1. Nf3 Nf6 2. b3 g6 3. Bb2 Bg7 4. g3 0-0 5. Bg2 c5 6. c4 Nc6 7. 0-0 Rb8 8. Nc3 d6 9. d4 cxd4 10. Nxd4 Bd7 11. e3 Nxd4 12. exd4 Bc6 13. d5 Bd7 14. Qe2 Re8 15. a4 Qb6 16. Nb5 Bxb5 17. axb5 a6 18. bxa6 bxa6 19. Ra3 Nd7 20. Bxg7 Kxg7 21. Be4 Kg8 22. Bc2 Nc5 23. Rfa1 Qb4 24. Qe3 e5 25. Qh6 Qc3 26. Qc1 e4 27. Rb1 Rb4 28. Qb2 Qxb2 29. Rxb2 f5 30. Rb1 e3 31. Re1 exf2+ 32. Kxf2 Rxe1 33. Kxe1 Kf7 34. Kd2 Kf6 35. Kc3 Rb6 36. Ra1 Ne4+ 37. Bxe4 fxe4 38. b4 Ke5 39. Rf1 Rb7 40. Rf8 Re7 41. Rd8 Rf7 42. Re8+ Kf5 43. c5 dxc5 44. bxc5 a5 45. d6 a4 46. c6 1-0

[Event "Rio de Janeiro Cortinhas Memorial 1st"]
[Site "Rio de Janeiro"]
[Date "2017.04.23"]
[Round "5"]
[White "Barbosa, Luiz Francisco da S"]
[Black "Da Costa, Carlos Henrique Luz"]
[Result "1-0"]
[WhiteElo "1810"]
[BlackElo "1554"]
[PlyCount "71"]
[EventDate "2017.04.21"]
[EventType "swiss"]
[EventRounds "6"]
[EventCountry "BRA"]
[SourceTitle "CBM 178 Extra"]
[Source "ChessBase"]
[SourceDate "2017.06.22"]
[SourceVersion "1"]
[SourceVersionDate "2017.06.22"]
[SourceQuality "1"]

1. d4 Nf6 2. Nf3 g6 3. Nbd2 d6 4. e4 Nbd7 5. c3 Bg7 6. Bd3 0-0 7. 0-0 Re8 8. a4 e5 9. dxe5 Nxe5 10. Nxe5 Rxe5 11. Nf3 Bg4 12. h3 Bxf3 13. Qxf3 Nh5 14. g4 Qf6 15. Qe3 Qe6 16. f4 Rxe4 17. Qxe4 Qxe4 18. Bxe4 Ng3 19. Bd3 Nxf1 20. Kxf1 Re8 21. Bd2 Kf8 22. Re1 h6 23. Rxe8+ Kxe8 24. Ke2 Ke7 25. Kf3 b6 26. f5 g5 27. Be4 Be5 28. b4 Kd7 29. b5 Ke7 30. Bc6 Kd8 31. Ke4 Ke7 32. c4 f6 33. Be3 Bg3 34. Bd4 Be1 35. Bd5 Kd8 36. Bxf6+ 1-0

[Event "Rio de Janeiro Autumn op"]
[Site "Rio de Janeiro"]
[Date "2016.03.27"]
[Round "5"]
[White "Da Silva Filho, Amaro Antonio"]
[Black "Barbosa, Luiz Francisco da S"]
[Result "0-1"]
[WhiteElo "1603"]
[BlackElo "1853"]
[PlyCount "34"]
[EventDate "2016.03.25"]
[EventType "swiss"]
[EventRounds "6"]
[EventCountry "BRA"]
[SourceTitle "CBM 171 Extra"]
[Source "ChessBase"]
[SourceDate "2016.04.26"]
[SourceVersion "1"]
[SourceVersionDate "2016.04.26"]
[SourceQuality "1"]

1. d4 Nf6 2. Bf4 Nh5 3. Bg5 h6 4. Bh4 g5 5. e4 Nf6 6. e5 gxh4 7. exf6 exf6 8. Qh5 Bg7 9. Nf3 d5 10. Be2 h3 11. g3 Nc6 12. Nc3 Be6 13. 0-0-0 Qd7 14. Bb5 0-0-0 15. Na4 Bg4 16. Nc5 Bxh5 17. Nxd7 Bxf3 0-1

[Event "Maravilhosa-ch op"]
[Site "Maravilhosa"]
[Date "2016.01.24"]
[Round "6"]
[White "Barbosa, Luiz Francisco da S"]
[Black "Khaje Hesamedini, Ali"]
[Result "0-1"]
[WhiteElo "1853"]
[BlackElo "2272"]
[PlyCount "62"]
[EventDate "2016.01.22"]
[EventType "swiss"]
[EventRounds "6"]
[EventCountry "BRA"]
[SourceTitle "CBM 170 Extra"]
[Source "ChessBase"]
[SourceDate "2016.02.25"]
[SourceVersion "1"]
[SourceVersionDate "2016.02.25"]
[SourceQuality "1"]

1. d4 Nf6 2. c4 c5 3. d5 b5 4. cxb5 a6 5. bxa6 g6 6. Nc3 Bxa6 7. e4 Bxf1 8. Kxf1 d6 9. g3 Bg7 10. Kg2 0-0 11. Nf3 Nbd7 12. h3 Ra6 13. a4 Qa8 14. Qc2 e6 15. Bf4 exd5 16. Nxd5 Nxd5 17. exd5 Qxd5 18. Rhd1 Qe6 19. Ng5 Qe7 20. Qd3 Rfa8 21. Ne4 Bd4 22. Nc3 Nb6 23. Re1 Qb7+ 24. Qe4 Qxe4+ 25. Rxe4 Nc4 26. Ra2 Rb8 27. Nb5 Rxb5 28. Bh6 Rb8 29. b3 Ne5 30. f4 Nc6 31. Rae2 Raa8 0-1

[Event "Rio de Janeiro Primavera op"]
[Site "Rio de Janeiro"]
[Date "2015.11.14"]
[Round "4"]
[White "Barbosa, Luiz Francisco da S"]
[Black "Soares, Joao Carlos TC"]
[Result "0-1"]
[WhiteElo "1861"]
[BlackElo "1879"]
[PlyCount "80"]
[EventDate "2015.11.07"]
[EventType "swiss"]
[EventRounds "6"]
[EventCountry "BRA"]
[SourceTitle "CBM 169 Extra"]
[Source "ChessBase"]
[SourceDate "2015.12.18"]
[SourceVersion "1"]
[SourceVersionDate "2015.12.18"]
[SourceQuality "1"]

1. d4 Nf6 2. c4 g6 3. Nc3 d5 4. Bf4 Bg7 5. e3 0-0 6. Nf3 Bg4 7. Be2 dxc4 8. Ne5 Bxe2 9. Qxe2 Nh5 10. Bg3 Nxg3 11. hxg3 Bxe5 12. dxe5 Qd3 13. Rd1 Qxe2+ 14. Kxe2 Nc6 15. Nd5 Rac8 16. f4 Kg7 17. g4 h6 18. Rh3 Rfd8 19. g5 hxg5 20. Rdh1 Rg8 21. Rh7+ Kf8 22. Rd1 a5 23. a3 Ke8 24. Nc3 gxf4 25. exf4 e6 26. Ne4 Ke7 27. Ng5 Rgf8 28. g4 Rcd8 29. Rxd8 Nxd8 30. Ke3 b5 31. Kd4 Nb7 32. Kc3 Nc5 33. f5 gxf5 34. gxf5 exf5 35. Kd4 Na4 36. e6 Nxb2 37. exf7 Kf6 38. Rh2 Kxg5 39. Rxb2 c6 40. Kc5 Rxf7 0-1

[Event "Juiz de Fora Summer op"]
[Site "Juiz de Fora"]
[Date "2015.08.21"]
[Round "2"]
[White "Barbosa, Luiz Francisco da S"]
[Black "Lennard, Anthony"]
[Result "1/2-1/2"]
[WhiteElo "1872"]
[BlackElo "2120"]
[PlyCount "78"]
[EventDate "2015.08.21"]
[EventType "swiss"]
[EventRounds "6"]
[EventCountry "BRA"]
[SourceTitle "EXT 2016"]
[Source "ChessBase"]
[SourceDate "2015.10.08"]
[SourceVersion "1"]
[SourceVersionDate "2015.10.08"]
[SourceQuality "1"]

1. d4 Nf6 2. Nf3 b6 3. e3 Bb7 4. Bd3 g6 5. Nbd2 d5 6. 0-0 Bg7 7. Ne5 0-0 8. Qe2 Nfd7 9. Ndf3 c5 10. c3 Qc7 11. Nxd7 Nxd7 12. e4 dxe4 13. Bxe4 Bxe4 14. Qxe4 cxd4 15. Nxd4 e5 16. Qc6 Qxc6 17. Nxc6 f5 18. Bg5 h6 19. Rad1 Nc5 20. Be7 Rfc8 21. Bxc5 Rxc6 22. Ba3 Rac8 23. Rd7 a5 24. Rfd1 e4 25. R1d6 b5 26. g3 b4 27. cxb4 axb4 28. Bxb4 Bxb2 29. a3 Bg7 30. Rd8+ Kh7 31. Rxc8 Rxc8 32. Kf1 Rc1+ 33. Ke2 g5 34. Rd1 Rxd1 35. Kxd1 Bd4 36. Ke2 Kg6 37. f3 exf3+ 38. Kxf3 g4+ 39. Kg2 Be3 1/2-1/2

[Event "Rio de Janeiro Borensztajn op 3rd"]
[Site "Rio de Janeiro"]
[Date "2015.06.28"]
[Round "6"]
[White "Borensztajn, David"]
[Black "Barbosa, Luiz Francisco da S"]
[Result "0-1"]
[WhiteElo "2082"]
[BlackElo "1856"]
[PlyCount "60"]
[EventDate "2015.06.25"]
[EventType "swiss"]
[EventRounds "7"]
[EventCountry "BRA"]
[SourceTitle "CBM 167 Extra"]
[Source "ChessBase"]
[SourceDate "2015.09.14"]
[SourceVersion "1"]
[SourceVersionDate "2015.09.14"]
[SourceQuality "1"]

1. e4 c5 2. Nf3 e6 3. d3 d5 4. Nbd2 Nc6 5. g3 Nf6 6. Bg2 g6 7. 0-0 Bg7 8. c3 0-0 9. e5 Nd7 10. d4 cxd4 11. cxd4 f6 12. exf6 Nxf6 13. Re1 Qb6 14. Nb3 Ne4 15. Be3 Bd7 16. Ng5 Nxg5 17. Bxg5 Bxd4 18. Nxd4 Qxd4 19. Be3 Qxd1 20. Rexd1 b6 21. a3 Rac8 22. Bh3 Ne7 23. f4 Rc2 24. Bd4 Rfc8 25. Re1 Nc6 26. Bf2 Kf7 27. b4 Ne7 28. Be3 R8c3 29. Bg4 Rd3 30. Rac1 Rxe3 0-1

[Event "Rio de Janeiro Borensztajn op 3rd"]
[Site "Rio de Janeiro"]
[Date "2015.06.27"]
[Round "4"]
[White "Barbosa, Luiz Francisco da S"]
[Black "Cifuentes Goncalves, Luiz Osvaldo"]
[Result "1/2-1/2"]
[WhiteElo "1856"]
[BlackElo "1665"]
[PlyCount "81"]
[EventDate "2015.06.25"]
[EventType "swiss"]
[EventRounds "7"]
[EventCountry "BRA"]
[SourceTitle "CBM 167 Extra"]
[Source "ChessBase"]
[SourceDate "2015.09.14"]
[SourceVersion "1"]
[SourceVersionDate "2015.09.14"]
[SourceQuality "1"]

1. d4 Nf6 2. c4 e6 3. Nc3 b6 4. e4 d6 5. g3 Bb7 6. Bg2 Be7 7. Nge2 0-0 8. 0-0 e5 9. f4 Nbd7 10. d5 a5 11. h3 Nc5 12. Be3 Re8 13. Bxc5 bxc5 14. fxe5 dxe5 15. g4 h6 16. Ng3 Bc8 17. Nf5 Bxf5 18. exf5 Rb8 19. Nb5 Bd6 20. Qd2 Ra8 21. Nc3 Qe7 22. Ne4 Nxe4 23. Bxe4 Qh4 24. Rf3 Be7 25. d6 Bg5 26. Qc2 Rad8 27. Bc6 e4 28. Bxe4 Rxd6 29. f6 gxf6 30. Bd5 Re1+ 31. Rxe1 Qxe1+ 32. Kg2 Kg7 33. Qe4 Qxe4 34. Bxe4 Rd2+ 35. Rf2 Rd4 36. Bd5 c6 37. Bxc6 Rxc4 38. b3 Rd4 39. Rc2 Rd2+ 40. Rxd2 Bxd2 41. Be4 1/2-1/2

[Event "Remote Jubilee Gr.D email"]
[Site "Remote email"]
[Date "2013.09.02"]
[Round "?"]
[White "Barbosa, Luiz Francisco da S"]
[Black "Pegoraro, Erivaldo"]
[Result "0-1"]
[WhiteElo "1932"]
[BlackElo "2097"]
[PlyCount "56"]
[EventDate "2013.??.??"]
[EventType "tourn (corr)"]
[EventRounds "10"]
[EventCountry "GER"]
[SourceTitle "Corr 2015"]
[Source "ChessBase"]
[SourceDate "2015.07.17"]
[SourceVersion "1"]
[SourceVersionDate "2015.07.17"]
[SourceQuality "1"]

1. d4 Nf6 2. c4 d6 3. Nf3 g6 4. Nc3 Bg7 5. e4 0-0 6. Be2 e5 7. d5 a5 8. h4 Na6 9. Nd2 Nc5 10. h5 h6 11. hxg6 fxg6 12. Qc2 a4 13. Nf1 Bd7 14. Bxh6 Bxh6 15. Rxh6 Kg7 16. Rh2 Rh8 17. 0-0-0 a3 18. b3 Rxh2 19. Nxh2 Qh8 20. Nf3 Qh6+ 21. Kb1 Nfxe4 22. Nxe4 Nxe4 23. Bd3 Nc5 24. Ka1 Rf8 25. Qe2 e4 26. Bxe4 Re8 27. Nd2 Qf4 28. f3 Qe5+ 0-1

[Event "Remote Jubilee Gr.D email"]
[Site "Remote email"]
[Date "2013.09.02"]
[Round "?"]
[White "Camacho, Carlos Eduardo"]
[Black "Barbosa, Luiz Francisco da S"]
[Result "1-0"]
[WhiteElo "1975"]
[BlackElo "1932"]
[PlyCount "63"]
[EventDate "2013.??.??"]
[EventType "tourn (corr)"]
[EventRounds "10"]
[EventCountry "GER"]
[SourceTitle "Corr 2015"]
[Source "ChessBase"]
[SourceDate "2015.07.17"]
[SourceVersion "1"]
[SourceVersionDate "2015.07.17"]
[SourceQuality "1"]

1. d4 Nf6 2. c4 e6 3. Nf3 b6 4. e3 Bb7 5. Bd3 d6 6. Nc3 c5 7. b3 Nbd7 8. 0-0 Be7 9. e4 0-0 10. Re1 h6 11. e5 Nh7 12. Bc2 cxd4 13. exd6 Bxd6 14. Nb5 Bb4 15. Bd2 Bxd2 16. Nxd2 e5 17. Nd6 Bc6 18. Be4 Bxe4 19. N2xe4 f5 20. Ng3 g6 21. f4 exf4 22. Ne2 Qf6 23. Nb5 f3 24. gxf3 Ng5 25. Nf4 Nc5 26. Nd5 Qg7 27. h4 Nh7 28. b4 Nd7 29. Nbc7 d3 30. Qxd3 Ne5 31. Qe2 Nc6 32. Qe6+ 1-0